Venganza real (Record no. 26197)

MARC details
000 -LEADER
campo de control de longitud fija 00931nam a2200265 i 4500
001 - NÚMERO DE CONTROL
campo de control 26197
003 - IDENTIFICADOR DE NÚMERO DE CONTROL
campo de control ES-MaACL
005 - FECHA Y HORA DE LA ÚLTIMA TRANSACCIÓN
campo de control 20250818131132.0
007 - CAMPO FIJO DE DESCRIPCIÓN FÍSICA--INFORMACIÓN GENERAL
campo de control de longitud fija t|
008 - DATOS DE LONGITUD FIJA--INFORMACIÓN GENERAL
campo de control de longitud fija 030108s1971 sp f |||| |dspa d
080 ## - NÚMERO DE LA CLASIFICACIÓN DECIMAL UNIVERSAL
Número de la Clasificación Decimal Universal 946"18/19"
080 ## - NÚMERO DE LA CLASIFICACIÓN DECIMAL UNIVERSAL
Número de la Clasificación Decimal Universal 92:323.311.121(46)"18/19"
100 1# - ENTRADA PRINCIPAL--NOMBRE DE PERSONA
Nombre de persona Aronson, Theo.
9 (RLIN) 23162
245 10 - MENCIÓN DEL TÍTULO
Título Venganza real
Resto del título : la corona de España 1829-1965 : con un apéndice 1966-1968 /
Mención de responsabilidad, etc. Theo Aronson.
260 ## - PUBLICACIÓN, DISTRIBUCIÓN, ETC.
Lugar de publicación, distribución, etc. Madrid :
Nombre del editor, distribuidor, etc. Círculo de Amigos de la Historia,
Fecha de publicación, distribución, etc. [1971]
300 ## - DESCRIPCIÓN FÍSICA
Extensión 278 p., 12 lám. ;
Dimensiones 18 cm.
490 1# - MENCIÓN DE SERIE
Mención de serie Grandes misterios históricos del pasado
651 #4 - PUNTO DE ACCESO ADICIONAL DE MATERIA--NOMBRE GEOGRÁFICO
Nombre geográfico España-
Subdivisión general Reyes y soberanos-
Subdivisión cronológica S.XIX.
9 (RLIN) 155214
651 #4 - PUNTO DE ACCESO ADICIONAL DE MATERIA--NOMBRE GEOGRÁFICO
Nombre geográfico España-
Subdivisión general Reyes y soberanos-
Subdivisión cronológica S.XX.
9 (RLIN) 155215
651 #4 - PUNTO DE ACCESO ADICIONAL DE MATERIA--NOMBRE GEOGRÁFICO
Nombre geográfico España-
Subdivisión general Historia-
Subdivisión cronológica 1700-, Casa de Borbón.
9 (RLIN) 139051
700 2# - ENTRADA AGREGADA--NOMBRE PERSONAL
Nombre de persona
9 (RLIN) 241835
830 0# - PUNTO DE ACCESO ADICIONAL DE SERIE-TÍTULO UNIFORME
Título uniforme Grandes misterios históricos del pasado
9 (RLIN) 229164
852 ## - LOCALIZACIÓN
Ubicación ES-MaACL
Número de control de estantería C-45376
Holdings
Estatus retirado Estado de pérdida Estado de daño No para préstamo Biblioteca de origen Biblioteca actual Ubicación en estantería Fecha de adquisición Fuente de adquisición Total de préstamos Signatura topográfica completa Código de barras Visto por última vez Precio de reemplazo Tipo de ítem Koha
        Biblioteca del Ateneo de Madrid Biblioteca del Ateneo de Madrid Depósito 2 17/01/2008     C-45376 1027035 23/02/2023 23/02/2023 Libro impreso